Statistics for 10 Most Popular Fruits Grown in the United States

Click here to take the quiz!

General Stats

  • This quiz has been taken 283 times
  • The average score is 5 of 10

Answer Stats

HintAnswer% Correct
1Apple
95%
2Orange
92%
3Grape
77%
6Pear
63%
7Peache
62%
8Cherrie
44%
4Strawberry
32%
10Blueberry
29%
5Melon
25%
9Cranberry
17%

Score Distribution

Percentile by Number Answered

Percent of People with Each Score

Your Score History

You have not taken this quiz